<?xml version="1.0" encoding="UTF-8"?>
<collection xmlns="http://www.loc.gov/MARC21/slim">
 <record>
  <leader>00596nam a22001935a 4500</leader>
  <controlfield tag="001">EHU.bham044199</controlfield>
  <controlfield tag="003">AR-BHAM</controlfield>
  <controlfield tag="005">20160905131524.0</controlfield>
  <controlfield tag="008">130507s2015##################000#0#####d</controlfield>
  <datafield tag="020" ind1=" " ind2=" ">
   <subfield code="a">9789873743450</subfield>
  </datafield>
  <datafield tag="082" ind1="8" ind2="4">
   <subfield code="a">848.9</subfield>
  </datafield>
  <datafield tag="100" ind1="1" ind2=" ">
   <subfield code="a">Quignard, Pascal</subfield>
  </datafield>
  <datafield tag="245" ind1="1" ind2="0">
   <subfield code="a">Abismos :</subfield>
   <subfield code="b">último reino, iii  /</subfield>
   <subfield code="c">Pascal Quignard  :</subfield>
  </datafield>
  <datafield tag="260" ind1=" " ind2=" ">
   <subfield code="a">Buenos Aires :</subfield>
   <subfield code="b">El cuenco de plata,</subfield>
   <subfield code="c">2015</subfield>
  </datafield>
  <datafield tag="300" ind1=" " ind2=" ">
   <subfield code="a">217 p.</subfield>
  </datafield>
  <datafield tag="653" ind1=" " ind2=" ">
   <subfield code="a">Miscelánea francesa-2000-</subfield>
  </datafield>
  <datafield tag="653" ind1=" " ind2=" ">
   <subfield code="a">Literatura francesa-2000-</subfield>
  </datafield>
  <datafield tag="700" ind1="1" ind2=" ">
   <subfield code="a">Schilling, Carlos, trad.</subfield>
  </datafield>
  <datafield tag="859" ind1=" " ind2=" ">
   <subfield code="a">AR-BHAM</subfield>
   <subfield code="b">BIB. HUMANIDADES - General</subfield>
   <subfield code="h">848.9</subfield>
   <subfield code="i">Q41-3</subfield>
   <subfield code="p">425.16</subfield>
   <subfield code="t">Ej.1</subfield>
  </datafield>
 </record>
</collection>
